000 00325nam a22001457a 4500
008 181122b xxu||||| |||| 00| 0 eng d
020 _a0808918591790286
041 _aeng
080 _a615.83
082 _a615.83
100 _a8
101 _aEGZ
245 _aThe osteoporotic syndrome
_cAvioli.L.V
942 _2udc
_cBK
999 _c52371
_d52371